Monster school : (Registro nro. 7344)
[ vista simple ]
| 000 -LEADER | |
|---|---|
| fixed length control field | 01365nam a22002537a 4500 |
| 003 - CONTROL NUMBER IDENTIFIER | |
| control field | OSt |
| 005 - DATE AND TIME OF LATEST TRANSACTION | |
| control field | 20210226105859.0 |
| 008 - FIXED-LENGTH DATA ELEMENTS--GENERAL INFORMATION | |
| fixed length control field | 210226s2014 eu a|||br|||| 00| j eng d |
| 020 ## - INTERNATIONAL STANDARD BOOK NUMBER | |
| International Standard Book Number | 9780060854782 |
| 040 ## - CATALOGING SOURCE | |
| Original cataloging agency | CO-JMCR |
| Transcribing agency | CO-JMCR |
| 041 0# - LANGUAGE CODE | |
| Language code of text/sound track or separate title | eng |
| 082 04 - DEWEY DECIMAL CLASSIFICATION NUMBER | |
| Classification number | C / |
| Item number | KEAm |
| Edition number | 23 |
| 100 1# - MAIN ENTRY--PERSONAL NAME | |
| Personal name | Keane, Dave, |
| Relator term | autor |
| 9 (RLIN) | 13994 |
| 245 10 - TITLE STATEMENT | |
| Title | Monster school : |
| Remainder of title | the spooky sleepover / |
| Statement of responsibility, etc. | Dave Keane |
| 250 ## - EDITION STATEMENT | |
| Edition statement | First edition |
| 260 ## - PUBLICATION, DISTRIBUTION, ETC. | |
| Place of publication, distribution, etc. | New York, |
| Name of publisher, distributor, etc. | Harper, |
| Date of publication, distribution, etc. | 2014 |
| 300 ## - PHYSICAL DESCRIPTION | |
| Extent | 32 páginas : |
| Other physical details | ilustraciones a color ; |
| Dimensions | 23 cm. |
| 490 0# - SERIES STATEMENT | |
| Series statement | I can Read ; |
| Volume/sequential designation | 2 |
| 520 3# - SUMMARY, ETC. | |
| Summary, etc. | Norm es simplemente normal hasta que se encuentra en una nueva escuela donde todos sus compañeros de clase son monstruos! Cuando su escuela organiza una fiesta de pijamas, Norm está nervioso porque tendrá demasiado miedo para quedarse dormido. Pero no son los monstruos lo que le asusta, ¡está durmiendo fuera de casa.<br/><br/>Únase a Norm en esta historia loca y fácil de leer que Puedo Leer sobre cómo aprender a encajar. Los lectores reacios, lectores varones, lectores femeninos, lectores monstruosos, cualquier lector principiante, disfrutarán de la historia maravillosamente tonta y las divertidas ilustraciones. |
| 650 14 - SUBJECT ADDED ENTRY--TOPICAL TERM | |
| Topical term or geographic name entry element | Cuentos infantiles |
| 9 (RLIN) | 13995 |
| 650 24 - SUBJECT ADDED ENTRY--TOPICAL TERM | |
| Topical term or geographic name entry element | Monstruos en la literatura |
| 9 (RLIN) | 13996 |
| 650 24 - SUBJECT ADDED ENTRY--TOPICAL TERM | |
| Topical term or geographic name entry element | Miedo en la escuela |
| General subdivision | cuento infantil |
| 9 (RLIN) | 13997 |
| 942 ## - ADDED ENTRY ELEMENTS (KOHA) | |
| Source of classification or shelving scheme | Dewey Decimal Classification |
| Koha item type | Books |
| Withdrawn status | Lost status | Source of classification or shelving scheme | Damaged status | Not for loan | Collection code | Home library | Current library | Date acquired | Source of acquisition | Total Checkouts | Full call number | Barcode | Date last seen | Date last checked out | Copy number | Price effective from | Koha item type |
|---|---|---|---|---|---|---|---|---|---|---|---|---|---|---|---|---|---|
| Dewey Decimal Classification | Fiction | Biblioteca Pública José María del Castillo y Rada | Biblioteca Pública José María del Castillo y Rada | 10/02/2020 | Donación | 3 | C / KEAm | 201810571 | 01/27/2026 | 01/26/2026 | Ej.1 | 02/26/2021 | Books |